|
|
|
|
| LEADER |
00903cam a2200241 7i4500 |
| 001 |
0000020822 |
| 005 |
20170218090000.0 |
| 008 |
080304 eng |
| 020 |
|
|
|a 9780471662952
|
| 020 |
|
|
|a 047166295X (hbk.)
|
| 040 |
|
|
|a DLC
|
| 090 |
0 |
0 |
|a NC1001
|b .L57 2007
|
| 100 |
1 |
|
|a Lipton, Ronnie
|
| 245 |
1 |
4 |
|a The practical guide to information design
|c by Ronnie Lipton.
|
| 260 |
|
|
|a Hoboken, N.J.:
|b John Wiley & Sons, Inc.,
|c 2007.
|
| 300 |
|
|
|a vii, 263 p.:
|b col. ill.;
|c 24 cm.
|
| 504 |
|
|
|a Includes bibliographical references and index
|
| 650 |
0 |
0 |
|a Communication in design
|
| 650 |
0 |
0 |
|a Graphic arts --
|x Technique
|
| 650 |
0 |
0 |
|a Commercial art --
|x Technique
|
| 997 |
|
|
|a Communication, Visual Art & Computing, Faculty
|b Computing, Department
|
| 999 |
|
|
|a 0000030352
|b BOK
|c REFERENCE
|e Ground Floor, Bestari Jaya
|
| 999 |
|
|
|a 0000030355
|b BOK
|c REFERENCE
|e Ground Floor, Bestari Jaya
|